| 000 | 00475nam a22001577a 4500 | ||
|---|---|---|---|
| 003 | OSt | ||
| 005 | 20230403163934.0 | ||
| 008 | 230403b |||||||| |||| 00| 0 eng d | ||
| 020 | _a978-0-19-871227-5 | ||
| 040 | _cCML | ||
| 082 | _a530.13POT | ||
| 245 |
_aNONEQUILIBRIUM STATISTICAL PHYSICS _bLINEAR IRREVERSABLE PROCESSES _cBY POTTIER, NOELLE |
||
| 260 |
_aUNITED KINGDOM _bOXFORD UNIVERSITY PRESS _c2014 |
||
| 300 |
_bcontains graphs _cxix,491p. |
||
| 942 |
_2ddc _cBK _k530.13 _mPOT |
||
| 999 |
_c3989 _d3989 |
||